| 000 | 00600nam a22001697a 4500 | ||
|---|---|---|---|
| 005 | 20260402155023.0 | ||
| 008 | 260225b |||||||| |||| 00| 0 eng d | ||
| 020 | _a978-178583399-1 | ||
| 050 | _aLB 1027 .E 57 2019 | ||
| 100 | _aMARK,ENSER | ||
| 245 | _aTEACH LIKE NOBODY'S WATCHING: THE ESSENTIAL GUIDE TO EFFECTIVE AND EFFICIENT TEACHING | ||
| 260 |
_aBANCYFELIN, CARMATHEN, WALES, _bCROWN HOUSE PUBLISHING LIMITED, _c2019, |
||
| 300 | _aiii, 185 P, ILL | ||
| 500 | _aINCLUDES BIBLOGRAPHICAL REFERENCES AND INDEX | ||
| 650 | _a1. TEACHING METHODOLOGY 2. EFFECTIVE TEACHING | ||
| 942 |
_2lcc _cBK |
||
| 999 |
_c216677 _d216677 |
||